|
|
|
|
| LEADER |
01221cam a2200301 7i4500 |
| 001 |
0000082832 |
| 005 |
20240715090000.0 |
| 020 |
|
|
|a 9781032698021 (electronic book)
|
| 090 |
0 |
0 |
|a QA76.9.H85
|b K46 2025
|
| 100 |
1 |
|
|a Kaswan, Kuldeep Singh
|
| 245 |
1 |
0 |
|a Digital personality :
|b a man forever volume 2 :
|b a man forever volume 2 :
|b technical aspects
|c Kuldeep Singh Kaswan, Jagjit Singh Dhatterwal and Anand Nayyar.
|
| 264 |
|
|
|a Bocxa Raton:
|b CRC Press,
|c 2025.
|
| 300 |
|
|
|a 1 online resource (xi, 427 pages):
|b text file, PDF.
|
| 336 |
|
|
|a text
|2 rdacontent
|
| 337 |
|
|
|a computer
|2 rdamedia
|
| 338 |
|
|
|a online resource
|2 rdacarrier
|
| 650 |
|
0 |
|a Artificial intelligence
|
| 650 |
|
0 |
|a Affect (Psychology) --
|x Computer simulation
|
| 650 |
|
0 |
|a Online identities
|
| 650 |
|
0 |
|a Ubiquitous computing
|
| 650 |
|
0 |
|a Human-computer interaction
|
| 650 |
|
0 |
|a Knowledge representation (Information theory)
|
| 655 |
|
0 |
|a Electronic books
|
| 700 |
1 |
|
|a Dhatterwal, Jagjit Singh
|
| 700 |
1 |
|
|a Nayyar, Anand
|
| 856 |
4 |
2 |
|u http://library.unisel.edu.my/web/guest/mylibrary
|
| 997 |
|
|
|a Communication, Visual Art & Computing, Faculty
|b Communication, Department
|
| 999 |
|
|
|a EBO0023377
|b EBOOK
|c EBOOK
|e Electronic resources
|